Sports Quiz

Random Sports Quiz

Summit League Teams Quiz Stats

Quiz not verified by Sporcle

Challenge
Share
Tweet
Score 0/9 Timer 03:00
0 Plays Today
% Correct
North Dakota State
97.1%
South Dakota State
97.1%
South Dakota
97.1%
Nebraska-Omaha
82.9%
Indiana-Purdue-Indianapolis
82.9%
Oral Roberts
75%
Denver
74.3%
Western Illinois
74.3%
Indiana-Purdue-Fort Wayne
71.4%

You're not logged in!

Compare scores with friends on all Sporcle quizzes.
Join for Free
OR
Log In

You Might Also Like...

Show Comments

Extras

Created Feb 13, 2014SourceReportNominate
Tags:league, summit, team

Top Quizzes Today


Score Distribution

Your Account Isn't Verified!

In order to create a playlist on Sporcle, you need to verify the email address you used during registration. Go to your Sporcle Settings to finish the process.

Report this User

Report this user for behavior that violates our Community Guidelines.

Details: